000 00721nam a2200241Ia 4500
003 OSt
005 20220926020855.0
006 a|||||r|||| 00| 0
007 ta
008 220923b |||||||| |||| 00| 0 eng d
037 _cGeneral Book
040 _aRTL
_cRTL
_beng
041 _2eng
_aeng
082 _aX:(B2893), M0
100 _aBerger James O
_9238790
245 0 _aStatistical decision theory
_b Foundations concepts
260 _aNew York
_bSpringer Varlag U S A
_c1980
300 _axv, 425p. Bib p405-10
_ccm.
490 _aSpringer series in stapistics
650 _aOperations Recearsh Economic
942 _hX:(B2893), M0
_cGB
_2CC
999 _c635147
_d635147